Statystyki dla Najmniej zaludnione państwa A-Z

Kliknij tutaj aby rozwiązać quiz!

Ogólne statystyki

  • Ten quiz został rozwiązany 160 razy
  • Średni wynik to 15 z 24

Statystyki odpowiedzi

PopulationOdpowiedź% Poprawnych
W1000Watykan
92%
Ł1 923 559Łotwa
83%
O4 613 241Oman
83%
V288 037Vanuatu
80%
A85 708Andora
79%
F926 276Fidżi
71%
M30 727Monako
69%
H9 182 766Honduras
68%
S33 779San Marino
68%
U3 369 299Urugwaj
67%
L38 547Liechtenstein
65%
T11 147Tuvalu
63%
N9038Nauru
62%
Z9 701 315Zjednoczone Emiraty Arabskie
62%
P21 516Palau
57%
J2 812 090Jamajka
56%
D74 027Dominika
52%
I343 518Islandia
51%
B293 131Barbados
48%
K109 367Kiribati
47%
E1 087 200Eswatini
44%
G113,000Grenada
43%
R568 373Republika Zielonego Przylądka
32%
C614 249Czarnogóra
29%

Rozkład punktacji

Percentyl według liczby udzielonych odpowiedzi

Procent ludzi z każdym wynikiem

Twoja historia wyników

Nie rozwiązałeś tego quizu